All World Metros with GDP Over $100 Billion - Statistics

General Stats
  • This quiz has been taken 1,290 times
  • The average score is 100 of 146
Answer Stats
GDP (in billion $) Answer % Correct
2,163 New York
100%
1,227 Los Angeles
98%
984 London
97%
825 Paris
97%
2,084 Tokyo
97%
833 Chicago
96%
618 Beijing
94%
484 Miami
94%
518 Moscow
94%
729 San Francisco
94%
664 Shanghai
94%
272 Berlin
93%
689 Dallas
93%
278 Madrid
93%
193 Rome
93%
138 Delhi
92%
633 Houston
92%
680 Osaka
92%
341 Mexico City
91%
270 Milan
91%
151 Mumbai
91%
518 Seattle
91%
345 Sydney
91%
206 Barcelona
90%
504 Boston
90%
275 Istanbul
90%
538 Randstad
90%
910 Seoul
90%
190 Cairo
89%
176 Rio de Janeiro
89%
203 Dubai
88%
368 Hong Kong
88%
518 Philadelphia
88%
315 Sao Paulo
88%
349 Toronto
88%
420 Jakarta
87%
276 Melbourne
87%
385 Munich
87%
204 Stockholm
87%
160 St. Petersburg
87%
661 Washington
87%
526 Atlanta
86%
227 Bangkok
86%
236 Buenos Aires
86%
429 Guangzhou
86%
467 Singapore
86%
312 Rhine-Main
85%
211 Brussels
84%
108 Manchester
84%
166 Vienna
84%
121 Warsaw
84%
188 Copenhagen
83%
289 Denver
83%
273 Dublin
83%
134 Johannesburg
83%
362 Phoenix
83%
296 San Diego
83%
122 Vancouver
83%
222 Austin
82%
305 Detroit
82%
183 Riyadh
82%
136 Manila
81%
171 Montreal
81%
281 Wuhan
81%
159 Zurich
81%
122 Bogota
80%
261 Hamburg
80%
202 Kuala Lumpur
79%
110 Perth
79%
204 Portland
79%
408 Taipei
79%
148 Marseille
78%
102 Lagos
77%
278 Minneapolis
77%
129 Santiago
77%
103 Hanoi
76%
161 Las Vegas
76%
115 Lyon
76%
194 Orlando
76%
163 San Antonio
76%
219 Tampa
76%
132 Brisbane
75%
133 Ho Chi Minh City
75%
151 Abu Dhabi
74%
138 Cleveland
74%
310 Tel Aviv
74%
171 Xi'an
73%
116 Prague
71%
573 Rhine-Ruhr
71%
229 Charlotte
70%
112 Helsinki
70%
241 Baltimore
69%
482 Shenzhen
69%
248 Busan
68%
186 Cincinnati
68%
117 Jacksonville
68%
188 Nashville
68%
309 Chengdu
67%
433 Chongqing
67%
184 Indianapolis
67%
375 Nagoya
67%
210 St. Louis
67%
169 Columbus
66%
181 Pittsburgh
66%
170 Kansas City
64%
243 Tianjin
63%
121 Milwaukee
62%
135 Salt Lake City
61%
101 Jeddah
59%
120 Raleigh-Durham
59%
295 Stuttgart
59%
176 Sacramento
58%
251 Nanjing
56%
279 Hangzhou
50%
222 Qingdao
44%
183 Fukuoka
41%
119 Virginia Beach
39%
208 Changsha
37%
116 Bremen
36%
186 Hannover
36%
169 Nuremburg
36%
125 Dalian
35%
110 Leipzig
35%
183 Fuzhou
34%
134 Surabaya
34%
192 Zhengzhou
34%
102 Lille
32%
115 Hartford
30%
106 Providence
30%
179 Hefei
28%
356 Suzhou
27%
234 Ningbo
26%
113 Rhine-Neckar
24%
179 Jinan
23%
119 Wenzhou
23%
167 Dongguan
17%
221 Wuxi
15%
104 Bridgeport
14%
189 Foshan
14%
137 Cork
10%
169 Nantong
9%
126 Xuzhou
9%
142 Changzhou
7%
180 Quanzhou
7%
142 Yantai
7%
132 Tangshan
5%
No matching quizzes found
Score Distribution
Percent of People with Each Score
Percentile by Number Answered
Your Score History
You have not taken this quiz